<?xml version="1.0" encoding="UTF-8"?><?xml-stylesheet type="text/xsl" href="static/style.xsl"?><OAI-PMH xmlns="http://www.openarchives.org/OAI/2.0/" xmlns:xsi="http://www.w3.org/2001/XMLSchema-instance" xsi:schemaLocation="http://www.openarchives.org/OAI/2.0/ http://www.openarchives.org/OAI/2.0/OAI-PMH.xsd"><responseDate>2026-04-13T01:56:23Z</responseDate><request verb="GetRecord" identifier="oai:www.recercat.cat:10256/25813" metadataPrefix="marc">https://recercat.cat/oai/request</request><GetRecord><record><header><identifier>oai:recercat.cat:10256/25813</identifier><datestamp>2024-12-10T21:55:49Z</datestamp><setSpec>com_2072_452955</setSpec><setSpec>com_2072_2054</setSpec><setSpec>col_2072_452960</setSpec></header><metadata><record xmlns="http://www.loc.gov/MARC21/slim" xmlns:dcterms="http://purl.org/dc/terms/" xmlns:xsi="http://www.w3.org/2001/XMLSchema-instance" xmlns:doc="http://www.lyncode.com/xoai" xsi:schemaLocation="http://www.loc.gov/MARC21/slim http://www.loc.gov/standards/marcxml/schema/MARC21slim.xsd">
   <leader>00925njm 22002777a 4500</leader>
   <datafield ind2=" " ind1=" " tag="042">
      <subfield code="a">dc</subfield>
   </datafield>
   <datafield ind2=" " ind1=" " tag="720">
      <subfield code="a">Siquier-Dameto, Gabriel</subfield>
      <subfield code="e">author</subfield>
   </datafield>
   <datafield ind2=" " ind1=" " tag="720">
      <subfield code="a">Boisnic, Sylvie</subfield>
      <subfield code="e">author</subfield>
   </datafield>
   <datafield ind2=" " ind1=" " tag="720">
      <subfield code="a">Verdú Navarro, Enrique</subfield>
      <subfield code="e">author</subfield>
   </datafield>
   <datafield ind2=" " ind1=" " tag="260">
      <subfield code="c">2024-11-15</subfield>
   </datafield>
   <datafield ind2=" " ind1=" " tag="520">
      <subfield code="a">Treatments for androgenetic alopecia (AGA) include different drugs, but a treatment based on stabilized hyaluronic acid has not been tested. The aim of this study is to clinically evaluate the effect of six sessions of injections using a hyaluronic acid compound supplemented with vitamins, ions, and amino acids (CH) on hair density and quality in volunteers. Methods: For this purpose, twenty-six healthy volunteers of both sexes with moderate AGA were injected with 3 mL of CH using the micro-papule technique. All received six CH sessions at two-week intervals. Hair loss, hair thickness, and shine were assessed using macro-photographs. A follow-up questionnaire was given to the volunteers at 40 days and at 90 days after the last treatment to determine their level of satisfaction. In addition, a dermatological control was carried out to assess the tolerance of the treatment applied. Results: The results indicate that, after treatment with CH, there is a significant improvement in the thickness, shine, and density of scalp hair, and that the treatment significantly reduces hair loss on the scalp. On a dermatological level, the tolerability of the treatment was excellent with no complications observed. In total, 88.5% of the volunteers indicated that CH treatment improved their appearance. In summary, it can be said that CH treatment reduces hair loss and promotes hair growth. Conclusions: It is suggested that this treatment is effective in reducing the signs and symptoms of alopecia</subfield>
   </datafield>
   <datafield ind1="8" ind2=" " tag="024">
      <subfield code="a">http://hdl.handle.net/10256/25813</subfield>
   </datafield>
   <datafield tag="653" ind2=" " ind1=" ">
      <subfield code="a">Calbesa</subfield>
   </datafield>
   <datafield tag="653" ind2=" " ind1=" ">
      <subfield code="a">Baldness</subfield>
   </datafield>
   <datafield tag="653" ind2=" " ind1=" ">
      <subfield code="a">Cuir cabellut -- Malalties -- Tractament</subfield>
   </datafield>
   <datafield tag="653" ind2=" " ind1=" ">
      <subfield code="a">Scalp -- Diseases -- Treatment</subfield>
   </datafield>
   <datafield ind2="0" ind1="0" tag="245">
      <subfield code="a">Revitalizing Effect on the Scalp After Injection with a Mechanically Stabilized Hyaluronic Acid Complex in Subjects with Androgenetic Alopecia</subfield>
   </datafield>
</record></metadata></record></GetRecord></OAI-PMH>